00639nam a2200205Ia 4500008004100000020001800041041000800059082001500067100002300082245003700105250001100142260003200153300000900185500001600194500002200210650001600232700002300248999001700271952014500288230125s9999 xx 000 0 und d a0-534-52263-7 aeng a659.1bJEW aJewler J A9114294 aCreative Strategy In Advertising a6th ed c2000bWadsworth pubaBoston a322p aadvertising aCreative strategy aAdvertising aJewler J A9114294 c91636d91636 00104070aHIMRbHIMRd2000-12-21eSatya Gilanig350.00o659.1 JEW DB0376pHIMR-DB-376r2023-01-25 00:00:00v350.00w2000-12-26yDBzDB0376